000 00695nam a2200205 a 4500
001 1696
003 CO-ViMGA
008 141112s2004 ck r 000 u spa d
040 _aCO-ViMGA
_bspa
_cCO-ViMGA
082 0 4 _a634.99 G895p
100 1 _aGuzman Perez, Jose Eduardo
245 1 0 _aPastos y forrajes de Venezuela
250 _a2a
260 _aCaracas :
_bEspasandes,
_c1988
300 _a448 p : il
505 _aEl desarrollo ganadero venezolano 19 - - Los factores ecológicos y la producción de forrajes 57 - - El pastoreo 197 - - LAs leguminosas 351 - - Enfermedades y plagas de importancia economica en pastos 391
650 1 4 _aFORRAJES
650 1 4 _aPASTOS
942 _2ddc
_cBK
999 _c13873
_d13873